000 00489cam a22002054a 4500
005 20250605164224.0
008 250528s ||||||||||||||||||||||||d
035 _a20783
020 _a960909712X
040 _aGR-AtMCL
_bgre
_dGR-AtMCL
_eAACR2
245 1 _aΕΝΟΡΑΣΗ ΚΑΙ ΟΝΕΙΡΑ
250 _a1
260 _c2002
300 _a238
700 1 _aLoupescu Aggil
_96745
942 _cBK
710 2 _aLoupescou Consultants LTD
_99796
999 _c5866
_d5866